Retail warehouse rentals slowing (Record no. 70068)

MARC details
000 -LEADER
fixed length control field 01179cam a2200217 4500
001 - CONTROL NUMBER
control field WB3815-11
008 - FIXED-LENGTH DATA ELEMENTS--GENERAL INFORMATION
fixed length control field 020424n2002 000 0 eng u
035 ## - SYSTEM CONTROL NUMBER
System control number (Sirsi) u117668
245 ## - TITLE STATEMENT
Title Retail warehouse rentals slowing
260 ## - PUBLICATION, DISTRIBUTION, ETC.
Date of publication, distribution, etc. 2002
490 ## - SERIES STATEMENT
Series statement Retail Week
Volume/sequential designation 19 April 2002, 31(1)
520 ## - SUMMARY, ETC.
Summary, etc. Article suggests that annual growth in prime retail warehouse rental values continues to slow, showing a 7.5% per annum growth for the year to last month - the lowest figure for two years. Also compares the performance of large versus small warehouses. Small retail warehouses of around 1 000 sq m continue to show the fastest growth of any UK sector while the steepest drop was shown by larger units of around 3 500 sq m. Regional variations show strongest rental value growth to be shown by retail warehouses in the North while Scotland remains the worst performing region in terms of retail rental growth.
590 ## - LOCAL NOTE (RLIN)
Local note WB
650 ## - SUBJECT ADDED ENTRY--TOPICAL TERM
Topical term or geographic name entry element WAREHOUSE MARKET
650 ## - SUBJECT ADDED ENTRY--TOPICAL TERM
Topical term or geographic name entry element RETAIL RENTS
650 ## - SUBJECT ADDED ENTRY--TOPICAL TERM
Topical term or geographic name entry element RENTAL GROWTH
650 ## - SUBJECT ADDED ENTRY--TOPICAL TERM
Topical term or geographic name entry element REGIONAL VARIATIONS
650 ## - SUBJECT ADDED ENTRY--TOPICAL TERM
Topical term or geographic name entry element RETAIL WAREHOUSES
690 ## - LOCAL SUBJECT ADDED ENTRY--TOPICAL TERM (OCLC, RLIN)
Topical term or geographic name as entry element PROPERTY-COMMERCIAL PROPERTY-COMMERCIAL PROPERTY MARKET
942 ## - ADDED ENTRY ELEMENTS (KOHA)
Suppress in OPAC 0
Holdings
Withdrawn status Lost status Source of classification or shelving scheme Damaged status Not for loan Home library Current library Shelving location Date acquired Total Checkouts Full call number Barcode Date last seen Copy number Price effective from Koha item type
    Dewey Decimal Classification     London London News article 24/04/2002   WB3815-11 117668-1001 06/08/2019 1 06/08/2019 News article